1159 1283 1006 1940 1868 1086 1991 1039 1863 1002 1499 1341 1736 1828 1120 1737 1352 1459 1932 1829 1863 1631 1718 1503 1207 1267 1083 1520 1315 1991 1992 1716 1747 1703 1573 1478 1447 1289 1779 1745 1297 1691 1620 1199 1558 1371 1917 1893 1261 1342 1127 1270 1929 1739 1352 1693 1495 1029 1594 1050 1417 1700 1508 1997 1189 1604 1158 1892 1434 1794 1113 1435 1870 1724 1693 1614 1196 1443 1908 1473 1778 1413 1952 1022 1935 1172 1302 1657 1071 1634 1155 1874 1562 1056 1757 1566 1607 1471 1284 BCNSPRNW ULIB Ver.6.0+V

เปลี่ยนเป็นภาษาไทย

Change to English
 แสดงรายละเอียดบรรณานุกรม
  กลับหน้าหลัก

Brief Record : Get Marc (ISO 2709) : E-mail record : QR code < ปิดหน้าต่าง
LEADER : 00000nam 2200000uu 4500
001    13399113409
003     ULIB
008    020711s2553 th a 000 0 tha d
020    ^a9746167205304
099    ^aนว.ม551ล 2553 ล.2
100    ^aมาอายะ
245    ^aเล่ห์รักมาเฟีย2/^cมาอายะ
250    ^aพิมพ์ครั้งที่ 1
260    ^aเม็ดทรายพริ้นติ้ง :^bกรุงเทพฯ,^c2553
300    ^a260 หน้า
945    ^p218^l0^i028075
999 ^a ทศพร
รายการนี้ยังไม่มีแท็ก
คุณยังไม่ได้ล็อกอิน คุณสามารถมีกิจกรรมร่วมกับเว็บไซต์ได้ แต่ต้องล็อกอินก่อน ::
  ล็อกอิน

รายการสื่อสารสนเทศ

ลำดับที่ ประเภท เลขเรียก/บาร์โค้ด สถานที่ สถานะ
1. นวนิยาย
นวนิยาย
นว.ม551ล 2553 ล.2 ฉ.1 
  Barcode: 028075
ห้องสมุดวิทยาเขตสวรรค์ประชารักษ์
►นวนิยาย
บนชั้น
  ขอยืม

รายการใกล้เคียง
    ผู้แต่ง [มาอายะ]

BibComment


ยังไม่เคยถูกคอมเมนท์

คอมเมนท์ทรัพยากรรายการนี้
  คอมเมนท์: เล่ห์รักมาเฟีย2 ..


 Copyright 2026. Bcnsprnw @Library